IMF Staff papers : Volume 33 No. 4.

This paper outlines potential strengths and weaknesses of various versions of the target zone approach and confronts operational outlines potential strengths and weaknesses of various versions of the target zone approach but also confronts operational. Target zones differ from a pure system of clean...

Повний опис

Бібліографічні деталі
Співавтор: International Monetary Fund. Research Dept
Формат: Журнал
Мова:English
Опубліковано: Washington, D.C. : International Monetary Fund, 1986.
Серія:IMF Staff Papers; IMF Staff Papers ; No. 1986/004
Онлайн доступ:Full text available on IMF
LEADER 02118cas a2200241 a 4500
001 AALejournalIMF008015
008 230101c9999 xx r poo 0 0eng d
020 |c 15.00 USD 
020 |z 9781451930696 
022 |a 1020-7635 
040 |a BD-DhAAL  |c BD-DhAAL 
110 2 |a International Monetary Fund.  |b Research Dept. 
245 1 0 |a IMF Staff papers :   |b Volume 33 No. 4. 
264 1 |a Washington, D.C. :  |b International Monetary Fund,  |c 1986. 
300 |a 1 online resource (212 pages) 
490 1 |a IMF Staff Papers 
500 |a <strong>Off-Campus Access:</strong> No User ID or Password Required 
500 |a <strong>On-Campus Access:</strong> No User ID or Password Required 
506 |a Electronic access restricted to authorized BRAC University faculty, staff and students 
520 3 |a This paper outlines potential strengths and weaknesses of various versions of the target zone approach and confronts operational outlines potential strengths and weaknesses of various versions of the target zone approach but also confronts operational. Target zones differ from a pure system of clean floating in that the authorities are permitted (and indeed are likely) to intervene in the exchange market, and, more generally, are encouraged to take a view on the desirable level of the exchange rate. The hard version of target zones shares some of the attributes of the existing European Monetary System (EMS). Unlike the EMS, hard target zones neither entail a formal commitment for exchange rate intervention nor there is analog to the credit facilities of the EMS. The soft version of target zones differs from existing IMF surveillance. Whether measured in real or nominal terms, bilateral or effective terms, and the short-run variability of exchange rates over the period of managed floating has been high-indeed, significantly higher than during the previous Bretton Woods system. 
538 |a Mode of access: Internet 
830 0 |a IMF Staff Papers; IMF Staff Papers ;  |v No. 1986/004 
856 4 0 |z Full text available on IMF  |u http://elibrary.imf.org/view/journals/024/1986/004/024.1986.issue-004-en.xml  |z IMF e-Library